Introduction to artificial neural systems (Record no. 200114)

MARC details
000 -LEADER
fixed length control field 00371nam a2200145Ia 4500
008 - FIXED-LENGTH DATA ELEMENTS--GENERAL INFORMATION
fixed length control field 231221s9999 xx 000 0 und d
041 ## - LANGUAGE CODE
Language code of text/sound track or separate title English
082 ## - DEWEY DECIMAL CLASSIFICATION NUMBER
Classification number 001.64404 ZUR;1
100 ## - MAIN ENTRY--PERSONAL NAME
Personal name Zurada, Jacek M
245 #0 - TITLE STATEMENT
Title Introduction to artificial neural systems
260 ## - PUBLICATION, DISTRIBUTION, ETC.
Date of publication, distribution, etc. 1994
Name of publisher, distributor, etc. Jaico
300 ## - PHYSICAL DESCRIPTION
Extent xxiv+683
650 ## - SUBJECT ADDED ENTRY--TOPICAL TERM
Topical term or geographic name entry element Artificial Neural systems
942 ## - ADDED ENTRY ELEMENTS (KOHA)
Koha item type Books Test
Holdings
Date last seen Total checkouts Full call number Accession number Cost, total (INR) price Price effective from Category Lost status Damaged status Department Withdrawn status Home library Current library Entry date Vendor Cost, normal purchase price Grants Billnumber Billdate Currency symbol Conversion rate Discount Old discount
26/01/2024   001.64404 ZUR;1 BK201 297.50 26/01/2024 Books Test     Central Library   Central Library Central Library   Sapna Book House 350.00 EC 17284 14/04/2009 RS 1 52.5 15
26/01/2024   001.64404 ZUR;2 BK202 297.50 26/01/2024 Books Test     Central Library   Central Library Central Library   Sapna Book House 350.00 EC 17284 26/03/2009 RS 1 52.5 15
26/01/2024   001.64404 ZUR;3 BK203 297.50 26/01/2024 Books Test     Central Library   Central Library Central Library   Sapna Book House 350.00 EC 17284 26/03/2009 RS 1 52.5 15
26/01/2024   001.64404 ZUR;4 BK204 297.50 26/01/2024 Books Test     Central Library   Central Library Central Library   Sapna Book House 350.00 EC 17284 26/03/2009 RS 1 52.5 15

© For any Suggestions or Query, please contact the library staff @ librarian@pes.edu or Phone: +9180 2672 1983/ 2108.